|
|
|
|
| LEADER |
00000nam0a2200000 4500 |
| 001 |
312874 |
| 005 |
20231102002528.0 |
| 020 |
|
|
|a RU
|b 82-42591
|
| 035 |
|
|
|a (RuTPU)RU\TPU\book\338244
|
| 090 |
|
|
|a 312874
|
| 100 |
|
|
|a 20151229d1982 k y0rusy5003 ca
|
| 101 |
0 |
|
|a rus
|
| 102 |
|
|
|a BY
|
| 105 |
|
|
|a a z 001zy
|
| 200 |
1 |
|
|a Строительные изделия и конструкции из полимерфосфогипса
|f С. С. Жаврид, В. И. Малихтарович, В. М. Абрамов
|
| 210 |
|
|
|a Минск
|c Ураджай
|d 1982
|
| 215 |
|
|
|a 168 с.
|c ил.
|
| 320 |
|
|
|a Библиогр.: с. 164-167
|
| 606 |
1 |
|
|a Полимерфосфогипс
|2 stltpush
|3 (RuTPU)RU\TPU\subj\50218
|9 68950
|
| 610 |
1 |
|
|a строительные изделия
|
| 610 |
1 |
|
|a строительные конструкции
|
| 610 |
1 |
|
|a свойства
|
| 610 |
1 |
|
|a применение
|
| 610 |
1 |
|
|a экономическая эффективность
|
| 675 |
|
|
|a 691.31
|v 3
|
| 700 |
|
1 |
|a Жаврид
|b С. С.
|g Степан Степанович
|
| 701 |
|
1 |
|a Малихтарович
|b В. И.
|g Виктор Иванович
|
| 701 |
|
1 |
|a Абрамов
|b В. М.
|g Владимир Моисеевич
|
| 801 |
|
0 |
|a RU
|b RuMRKP
|c 19950704
|g psbo
|
| 801 |
|
1 |
|a RU
|b 63413507
|c 20151229
|
| 801 |
|
2 |
|a RU
|b 63413507
|c 20191016
|g RCR
|
| 942 |
|
|
|c BK
|